China, tercer milenio : (Record no. 26904)
[ view plain ]
| 000 -LEADER | |
|---|---|
| campo de control de longitud fija | 01563cam a2200445 i 4500 |
| 001 - NÚMERO DE CONTROL | |
| campo de control | 124277 |
| 005 - FECHA Y HORA DE LA ÚLTIMA TRANSACCIÓN | |
| campo de control | 20230410103836.0 |
| 008 - DATOS DE LONGITUD FIJA--INFORMACIÓN GENERAL | |
| campo de control de longitud fija | 130517s2013 sp ab 000 0 spa |
| 010 ## - NÚMERO DE CONTROL DE LA BIBLIOTECA DEL CONGRESO | |
| Número de control de LC | 2013434832 |
| 020 ## - NÚMERO INTERNACIONAL ESTÁNDAR DEL LIBRO | |
| Número Internacional Estándar del Libro | 9788408006893 |
| 035 ## - NÚMERO DE CONTROL DEL SISTEMA | |
| Número de control de sistema | (SP-BaPL)pu130554418 |
| 040 ## - FUENTE DE CATALOGACIÓN | |
| Centro catalogador/agencia de origen | DLC |
| Lengua de catalogación | eng |
| Centro/agencia transcriptor | DLC |
| Normas de descripción | rda |
| Centro/agencia modificador | DLC |
| 042 ## - CÓDIGO DE AUTENTICACIÓN | |
| Código de autenticación | pcc |
| 043 ## - CÓDIGO DE ÁREA GEOGRÁFICA | |
| Código de área geográfica | a-cc--- |
| 050 14 - SIGNATURA TOPOGRÁFICA DE LA BIBLIOTECA DEL CONGRESO | |
| Número de clasificación | 408 DS 779.26 |
| Número de ítem | T153c 2013 |
| 100 1# - ENTRADA PRINCIPAL--NOMBRE DE PERSONA | |
| Nombre de persona | Tamames, Ramón, |
| Fechas asociadas al nombre | 1933- |
| 245 10 - MENCIÓN DEL TÍTULO | |
| Título | China, tercer milenio : |
| Resto del título | el dragón omnipotente / |
| Mención de responsabilidad, etc. | Ramón Tamaes, Felipe Debasa. |
| 250 ## - MENCION DE EDICION | |
| Mención de edición | Primera edición. |
| 264 #1 - PRODUCCIÓN, PUBLICACIÓN, DISTRIBUCIÓN, FABRICACIÓN Y COPYRIGHT | |
| Producción, publicación, distribución, fabricación y copyright | Barcelona : |
| Nombre del de productor, editor, distribuidor, fabricante | Planeta, |
| Fecha de producción, publicación, distribución, fabricación o copyright | 2013. |
| 300 ## - DESCRIPCIÓN FÍSICA | |
| Extensión | xliii, 483 pages : |
| Otras características físicas | illustrations, maps ; |
| Dimensiones | 23 cm |
| 336 ## - TIPO DE CONTENIDO | |
| Término de tipo de contenido | text |
| Fuente | rdacontent |
| 337 ## - TIPO DE MEDIO | |
| Nombre/término del tipo de medio | unmediated |
| Fuente | rdamedia |
| 338 ## - TIPO DE SOPORTE | |
| Nombre/término del tipo de soporte | volume |
| Fuente | rdacarrier |
| 651 #0 - PUNTO DE ACCESO ADICIONAL DE MATERIA--NOMBRE GEOGRÁFICO | |
| Nombre geográfico | China |
| Subdivisión general | Politics and government |
| Subdivisión cronológica | 1976-2002. |
| 651 #0 - PUNTO DE ACCESO ADICIONAL DE MATERIA--NOMBRE GEOGRÁFICO | |
| Nombre geográfico | China |
| Subdivisión general | Politics and government |
| Subdivisión cronológica | 2002- |
| 651 #0 - PUNTO DE ACCESO ADICIONAL DE MATERIA--NOMBRE GEOGRÁFICO | |
| Nombre geográfico | China |
| Subdivisión general | Foreign relations |
| Subdivisión cronológica | 1976- |
| 651 #0 - PUNTO DE ACCESO ADICIONAL DE MATERIA--NOMBRE GEOGRÁFICO | |
| Nombre geográfico | China |
| Subdivisión general | Economic conditions |
| Subdivisión cronológica | 2000- |
| 651 #0 - PUNTO DE ACCESO ADICIONAL DE MATERIA--NOMBRE GEOGRÁFICO | |
| Nombre geográfico | China |
| Subdivisión general | Foreign economic relations. |
| 651 #4 - PUNTO DE ACCESO ADICIONAL DE MATERIA--NOMBRE GEOGRÁFICO | |
| Nombre geográfico | China |
| Subdivisión general | Política y gobierno |
| Subdivisión cronológica | 1976-2002. |
| 651 #4 - PUNTO DE ACCESO ADICIONAL DE MATERIA--NOMBRE GEOGRÁFICO | |
| Nombre geográfico | China |
| Subdivisión general | Política y gobierno |
| Subdivisión cronológica | 2000- |
| 651 #4 - PUNTO DE ACCESO ADICIONAL DE MATERIA--NOMBRE GEOGRÁFICO | |
| Nombre geográfico | China |
| Subdivisión general | Relaciones extranjeras |
| Subdivisión cronológica | 1976- |
| 651 #4 - PUNTO DE ACCESO ADICIONAL DE MATERIA--NOMBRE GEOGRÁFICO | |
| Nombre geográfico | China |
| Subdivisión general | Condiciones económicas |
| Subdivisión cronológica | 1976-2000. |
| 651 #4 - PUNTO DE ACCESO ADICIONAL DE MATERIA--NOMBRE GEOGRÁFICO | |
| Nombre geográfico | China |
| Subdivisión general | Relaciones económicas exteriores. |
| 700 1# - ENTRADA AGREGADA--NOMBRE PERSONAL | |
| Nombre de persona | Debasa Navalpotro, Felipe R. |
| 856 42 - LOCALIZACIÓN Y ACCESO ELECTRÓNICOS | |
| Materiales especificados | Publisher description |
| Identificador Uniforme de Recursos | <a href="http://www.loc.gov/catdir/enhancements/fy1404/2013434832-d.html">http://www.loc.gov/catdir/enhancements/fy1404/2013434832-d.html</a> |
| 923 ## - | |
| -- | 20131024 |
| -- | 188358 |
| -- | SP-BaPL |
| 942 ## - ELEMENTOS DE ENTRADA SECUNDARIOS (KOHA) | |
| Fuente del sistema de clasificación o colocación | Clasificación de Library of Congress |
| Tipo de ítem Koha | |
| 946 ## - PROCESAMIENTO DE INFORMACIÓN LOCAL (OCLC) | |
| a | lmd |
| 985 ## - | |
| -- | VENDOR LOAD |
| Estatus retirado | Estado de pérdida | Fuente del sistema de clasificación o colocación | Estado de daño | No para préstamo | Colección | Biblioteca de origen | Biblioteca actual | Ubicación en estantería | Fecha de adquisición | Serial enumeration / chronology | Signatura topográfica completa | Código de barras | Visto por última vez | Copia número | Tipo de ítem Koha |
|---|---|---|---|---|---|---|---|---|---|---|---|---|---|---|---|
| Clasificación de Library of Congress | Recursos Regionales | Biblioteca Juan Bosch | Biblioteca Juan Bosch | Recursos Regionales (2do. Piso) | 10/04/2023 | 1 | 408 DS 779.26 T153c 2013 | 00000118041 | 23/10/2018 | 1 |
